[Event "Singapore DAV Go"]
[Site "Singapore"]
[Date "2025.06.25"]
[Round "5"]
[White "Hari, Madhavan NB"]
[Black "Prasanth, Bhuvan Krishna"]
[Result "1/2-1/2"]
[WhiteElo "2386"]
[BlackElo "2071"]
[PlyCount "85"]
[EventDate "2025.06.23"]
[EventType "tourn"]
[EventRounds "9"]
[EventCountry "SIN"]
[SourceTitle "CB27_2025"]
[SourceDate "2025.07.02"]
[SourceVersion "1"]
[SourceVersionDate "2025.07.02"]
[SourceQuality "1"]

1. d4 Nf6 2. Nf3 e6 3. c4 d5 4. Nc3 dxc4 5. e3 a6 6. a4 c5 7. Bxc4 cxd4 8. exd4 Bd6 9. 0-0 h6 10. d5 exd5 11. Re1+ Be7 12. Nxd5 Nxd5 13. Bxd5 0-0 14. Bf4 Nd7 15. Ba2 Bb4 16. Re4 a5 17. Qc2 Qf6 18. Bb1 Qg6 19. Nh4 Qh7 20. Qc1 Qh8 21. Ba2 Qh7 22. Qc4 Nf6 23. Bb1 Nxe4 24. Bxe4 Qh8 25. Ng6 Be6 26. Qxb4 fxg6 27. Qb6 Ra6 28. Qxb7 Bc8 29. Qc7 Kh7 30. Be5 Be6 31. Qb7 Bc8 32. Qc7 Be6 33. h4 Rf7 34. Qc2 Bf5 35. Qc4 Raa7 36. Bd5 Rfe7 37. f4 Qc8 38. Qxc8 Bxc8 39. Rc1 Be6 40. Bxe6 Rxe6 41. Rc5 Rb6 42. Bc3 Re6 43. Be5 1/2-1/2

[Event "Singapore DAV Go"]
[Site "Singapore"]
[Date "2025.06.25"]
[Round "4"]
[White "Prasanth, Bhuvan Krishna"]
[Black "Liu, Zhaoqi"]
[Result "0-1"]
[WhiteElo "2071"]
[BlackElo "2400"]
[PlyCount "56"]
[EventDate "2025.06.23"]
[EventType "tourn"]
[EventRounds "9"]
[EventCountry "SIN"]
[SourceTitle "CB27_2025"]
[SourceDate "2025.07.02"]
[SourceVersion "1"]
[SourceVersionDate "2025.07.02"]
[SourceQuality "1"]

1. d4 c5 2. d5 Nf6 3. c4 g6 4. Nc3 d6 5. a4 Bg7 6. e4 0-0 7. Bd3 e6 8. Nge2 exd5 9. cxd5 a6 10. 0-0 Re8 11. h3 Nbd7 12. Ng3 h5 13. Bg5 Rb8 14. Qc2 Qc7 15. b3 Ne5 16. Be2 c4 17. b4 Bd7 18. Be3 Rbc8 19. b5 h4 20. b6 Qd8 21. Nh1 Nd3 22. Bf3 Nh7 23. Be2 Be5 24. Ra3 Qf6 25. Qd2 Nf4 26. Bxf4 Bxf4 27. Qc2 Ng5 28. Nb1 Rxe4 0-1

[Event "Bhubaneswar op-A 15th"]
[Site "Bhubaneswar"]
[Date "2024.12.08"]
[Round "9"]
[White "Prasanth, Bhuvan Krishna"]
[Black "Yohan, Yadav Tarala"]
[Result "0-1"]
[WhiteElo "1876"]
[BlackElo "2000"]
[PlyCount "60"]
[EventDate "2024.12.02"]
[EventType "swiss"]
[EventRounds "10"]
[EventCountry "IND"]
[SourceTitle "CB50_2024"]
[SourceDate "2024.11.01"]
[SourceVersion "1"]
[SourceVersionDate "2024.11.01"]
[SourceQuality "2"]

1. d4 d5 2. c4 e6 3. Nc3 a6 4. Nf3 dxc4 5. a4 Nc6 6. e3 Na5 7. Nd2 Nf6 8. Nxc4 c5 9. Nxa5 Qxa5 10. Bd2 cxd4 11. Nb5 Bb4 12. Nxd4 Ne4 13. Nb3 Qf5 14. f3 Nxd2 15. Nxd2 0-0 16. Qb3 Qc5 17. Qd3 e5 18. Kf2 Be6 19. Ne4 Qe7 20. Be2 f5 21. Nc3 e4 22. Qc2 exf3 23. Bxf3 f4 24. Nd5 fxe3+ 25. Nxe3 Qh4+ 26. g3 Rxf3+ 27. Kxf3 Rf8+ 28. Kg2 Bh3+ 29. Kg1 Qd4 30. Qe2 Bc5 0-1

[Event "IND-ch U15 48th"]
[Site "Jalgaon"]
[Date "2024.01.04"]
[Round "11"]
[White "Prasanth, Bhuvan Krishna"]
[Black "Vignesh, Advaith Vemula"]
[Result "1/2-1/2"]
[WhiteElo "1595"]
[BlackElo "2028"]
[PlyCount "71"]
[EventDate "2023.12.27"]
[EventType "swiss"]
[EventRounds "11"]
[EventCountry "IND"]
[SourceTitle "EXT 2025"]
[Source "ChessBase"]
[SourceDate "2024.10.14"]
[SourceVersion "1"]
[SourceVersionDate "2024.10.14"]
[SourceQuality "1"]

1. e4 c5 2. Nf3 d6 3. Bb5+ Bd7 4. Bxd7+ Qxd7 5. 0-0 Nf6 6. Re1 Nc6 7. c3 e6 8. d4 cxd4 9. cxd4 d5 10. e5 Ne4 11. Nc3 Nxc3 12. bxc3 Be7 13. Nd2 0-0 14. Qg4 Rac8 15. Nb3 f5 16. exf6 Rxf6 17. Bf4 Rcf8 18. Bg3 Rg6 19. Qe2 Rf5 20. Nc1 h5 21. Nd3 h4 22. Be5 Rfg5 23. Nf4 Nxe5 24. dxe5 Rh6 25. Kh1 Qc7 26. Rac1 Rf5 27. Nh3 Bg5 28. Nxg5 Rxg5 29. f4 Rf5 30. c4 d4 31. Qe4 Qf7 32. Rf1 g5 33. Qxd4 gxf4 34. Qd8+ Kg7 35. Rcd1 Rh8 36. Qd4 1/2-1/2

[Event "IND-ch U11"]
[Site "Visakhapatnam"]
[Date "2023.10.02"]
[Round "3"]
[White "Yeshas, H."]
[Black "Prasanth, Bhuvan Krishna"]
[Result "1/2-1/2"]
[WhiteElo "1351"]
[BlackElo "1556"]
[PlyCount "106"]
[EventDate "2023.10.01"]
[EventType "swiss"]
[EventRounds "11"]
[EventCountry "IND"]
[SourceTitle "EXT 2025"]
[Source "ChessBase"]
[SourceDate "2024.10.14"]
[SourceVersion "1"]
[SourceVersionDate "2024.10.14"]
[SourceQuality "1"]

1. Nf3 c5 2. g3 Nf6 3. Bg2 e6 4. e3 Nc6 5. d4 d5 6. 0-0 Be7 7. b3 0-0 8. Nbd2 b6 9. Bb2 Bb7 10. c4 Ne4 11. Ne1 Nxd2 12. Qxd2 dxc4 13. bxc4 cxd4 14. exd4 Qc7 15. Rc1 Rad8 16. Nf3 Bf6 17. Qe3 Na5 18. Ba3 Bxf3 19. Qxf3 Be7 20. c5 b5 21. Rfd1 Nc4 22. Qb3 Bg5 23. Rc2 Bf6 24. Bb2 e5 25. Bf1 exd4 26. Bxc4 bxc4 27. Qxc4 d3 28. Bxf6 dxc2 29. Rxd8 Rxd8 30. Bxd8 Qxd8 31. Qxc2 Kf8 32. Qe4 Qd7 33. Qa8+ Ke7 34. Kg2 f5 35. a4 Qxa4 36. Qb7+ Kf6 37. c6 Qe4+ 38. Kf1 Qd3+ 39. Ke1 Qc3+ 40. Kd1 Qd3+ 41. Kc1 Qf1+ 42. Kc2 Qxf2+ 43. Kb3 Qe1 44. Ka4 Qe4+ 45. Ka5 Qd5+ 46. Qb5 Qa2+ 47. Kb4 Qb2+ 48. Kc5 Qe5+ 49. Kb4 Qd4+ 50. Ka5 Qa1+ 51. Kb4 Qb2+ 52. Kc5 Qe5+ 53. Kb4 Qb2+ 1/2-1/2